1517 1362 1761 1770 1873 1441 1720 1581 1829 1490 1448 1673 1375 1844 1618 1336 1292 1792 1030 1737 1914 1943 1125 1041 1563 1266 1213 1752 1201 1088 1546 1955 1122 1891 1308 1055 1806 1856 1522 1886 1430 1095 1090 1230 1444 1110 1744 1827 1811 1017 1346 1342 1072 1082 1095 1679 1120 1167 1623 1502 1717 1055 1677 1325 1601 1607 1417 1097 1146 1083 1149 1766 1537 1480 1331 1225 1593 1508 1163 1758 1176 1711 1314 1081 1989 1702 1928 1406 1401 1623 1868 1780 1129 1731 1120 1057 1853 1890 1576 BCNSPRNW ULIB Ver.6.0+V

เปลี่ยนเป็นภาษาไทย

Change to English
 แสดงรายละเอียดบรรณานุกรม
  กลับหน้าหลัก

Brief Record : Get Marc (ISO 2709) : E-mail record : QR code < ปิดหน้าต่าง
LEADER : 00000nam 2200000uu 4500
001    13399123576
003     ULIB
008    120830s2556||||th 000 0 tha d
020    ^a9742937915 (ล.2)
020    ^a9789742937911
060 04 ^aWY157^bก496ก ล.2
110 1  ^aกระทรวงสาธารณสุข. ^bสถาบันพระบรมราชชนก.^bโครงการสวัสดิการวิชาการ
245 00 ^aการพยาบาลสูติศาสตร์ เล่ม 2 /^cบรรณาธิการ, วรรณรัตน์ จงเจริญยานนท์
250    ^aพิมพ์ครั้งที่ 11
260    ^aนนทบุรี :^bโครงการสวัสดิการวิชาการ สถาบันพระบรมราชชนกกระทรวงสาธารณสุข,^c2556
300    ^a 213 หน้า:^bภาพประกอบ ;^c26 ซม.
650  7 ^aการพยาบาลสูติศาสตร์
700 0  ^aวรรณรัตน์ จงเจริญยานนท์,^eบรรณาธิการ
710 2  ^aกระทรวงสาธารณสุข. ^bสถาบันพระบรมราชชนก.^bโครงการสวัสดิการวิชาการ
945    ^p200^l0^i21317
945    ^p200^l0^i21318
945    ^p200^l0^i21319
945    ^p200^l0^i21320
945    ^p200^l0^i21321
945    ^p200^l0^i21322
945    ^p200^l0^i21323
945    ^p200^l0^i21324
945    ^p200^l0^i21325
945    ^p200^l0^i21326
995    ^aทศพร
999    ^aทศพร เกษรทอง
รายการนี้ยังไม่มีแท็ก
คุณยังไม่ได้ล็อกอิน คุณสามารถมีกิจกรรมร่วมกับเว็บไซต์ได้ แต่ต้องล็อกอินก่อน ::
  ล็อกอิน

รายการสื่อสารสนเทศ

ลำดับที่ ประเภท เลขเรียก/บาร์โค้ด สถานที่ สถานะ
1. Book การพยาบาล
Book การพยาบาล
สถานะ=หนังสือเก่า
WY157 ก496ก ล.2 ฉ.1 
  Barcode: 21317
ห้องสมุดวิทยาเขตนครสวรรค์
►ส่วนจัดเก็บหนังสือเก่า นว.
บนชั้น
  ขอยืม
2. Book การพยาบาล
Book การพยาบาล
สถานะ=หนังสือเก่า
WY157 ก496ก ล.2 ฉ.10 
  Barcode: 21326
ห้องสมุดวิทยาเขตนครสวรรค์
►ส่วนจัดเก็บหนังสือเก่า นว.
บนชั้น
  ขอยืม
3. Book การพยาบาล
Book การพยาบาล
สถานะ=หนังสือเก่า
WY157 ก496ก ล.2 ฉ.2 
  Barcode: 21318
ห้องสมุดวิทยาเขตนครสวรรค์
►ส่วนจัดเก็บหนังสือเก่า นว.
บนชั้น
  ขอยืม
4. Book การพยาบาล
Book การพยาบาล
สถานะ=หนังสือเก่า
WY157 ก496ก ล.2 ฉ.3 
  Barcode: 21319
ห้องสมุดวิทยาเขตนครสวรรค์
►ส่วนจัดเก็บหนังสือเก่า นว.
บนชั้น
  ขอยืม
5. Book การพยาบาล
Book การพยาบาล
สถานะ=หนังสือเก่า
WY157 ก496ก ล.2 ฉ.4 
  Barcode: 21320
ห้องสมุดวิทยาเขตนครสวรรค์
►ส่วนจัดเก็บหนังสือเก่า นว.
บนชั้น
  ขอยืม
6. Book การพยาบาล
Book การพยาบาล
สถานะ=หนังสือเก่า
WY157 ก496ก ล.2 ฉ.5 
  Barcode: 21321
ห้องสมุดวิทยาเขตนครสวรรค์
►ส่วนจัดเก็บหนังสือเก่า นว.
บนชั้น
  ขอยืม
7. Book การพยาบาล
Book การพยาบาล
WY157 ก496ก ล.2 ฉ.6 
  Barcode: 21322
ห้องสมุดวิทยาเขตนครสวรรค์
►หนังสือทั่วไป:l:General Books
บนชั้น
8. Book การพยาบาล
Book การพยาบาล
สถานะ=หนังสือเก่า
WY157 ก496ก ล.2 ฉ.7 
  Barcode: 21323
ห้องสมุดวิทยาเขตนครสวรรค์
►ส่วนจัดเก็บหนังสือเก่า นว.
บนชั้น
  ขอยืม
9. Book การพยาบาล
Book การพยาบาล
สถานะ=หนังสือเก่า
WY157 ก496ก ล.2 ฉ.8 
  Barcode: 21324
ห้องสมุดวิทยาเขตนครสวรรค์
►ส่วนจัดเก็บหนังสือเก่า นว.
บนชั้น
  ขอยืม
10. Book การพยาบาล
Book การพยาบาล
สถานะ=หนังสือเก่า
WY157 ก496ก ล.2 ฉ.9 
  Barcode: 21325
ห้องสมุดวิทยาเขตนครสวรรค์
►ส่วนจัดเก็บหนังสือเก่า นว.
บนชั้น
  ขอยืม

รายการใกล้เคียง
    หัวเรื่อง [การพยาบาลสูติศาสตร์]

BibComment


ยังไม่เคยถูกคอมเมนท์

คอมเมนท์ทรัพยากรรายการนี้
  คอมเมนท์: การพยาบาลสูติศาส..


 Copyright 2026. Bcnsprnw @Library